Common verbs in Persian - Statistics

General Stats
  • This quiz has been taken 7 times
  • The average score is 4 of 90
Answer Stats
Hint Answer % Correct
it was bud
100%
to have dashten
50%
to see diden
50%
to take gereften
50%
to write neveshten
50%
I write nevis
50%
that I be basem
0%
it is necessary bayed
0%
do! bekon
0%
do! bekonid
0%
I see binem
0%
that he do bokoned
0%
that I do bokonem
0%
that they do bokonend
0%
that thou do bokoni
0%
that you do bokonid
0%
that we do bokonim
0%
I was budem
0%
they were budend
0%
thou wert budi
0%
you were budid
0%
we were budim
0%
I have darem
0%
I am em
0%
they are end
0%
it is est
0%
I take girem
0%
it exists hest
0%
I exist hestem
0%
they exist hestend
0%
thou existest hesti
0%
you exist hestid
0%
we exist hestim
0%
thou art i
0%
you are id
0%
we are im
0%
it did kerd
0%
that it has did kerde based
0%
it had done kerde bud
0%
I had been doing kerde bude em
0%
they had been doing kerde bude end
0%
it had been doing kerde bude est
0%
thou hadst been doing kerde bude i
0%
you had been doing kerde bude id
0%
we had been doing kerde bude im
0%
I had done kerde budem
0%
they had done kerde budend
0%
thou hadst done kerde budi
0%
you had done kerde budid
0%
we had done kerde budim
0%
I have done kerde em
0%
they have done kerde end
0%
it has done kerde est
0%
thou hast done kerde i
0%
you have done kerde id
0%
we have done kerde im
0%
I did kerdem
0%
to do kerden
0%
they did kerdend
0%
it is done kerde shod
0%
it was done kerde shode est
0%
thou didst kerdi
0%
you did kerdid
0%
we did kerdim
0%
may it do it konad
0%
it was doing mikerd
0%
I have been doing mikerde em
0%
they have been doing mikerde end
0%
it has been doing mikerde est
0%
thou hast been doing mikerde i
0%
you have been doing mikerde id
0%
we have been doing mikerde im
0%
I was doing mikerdem
0%
they were doing mikerdend
0%
thou wert doing mikerdi
0%
you were doing mikerdid
0%
we were doing mikerdim
0%
to go reften
0%
I go rev
0%
it is credible sayed
0%
I become shevem
0%
to become shoden
0%
it is possible tevanesten
0%
it will do xahed kerd
0%
I will do xahem kerd
0%
they will do xahend kerd
0%
you will do xahid kerd
0%
thou will do xahi kerd
0%
we wil do xahim kerd
0%
to want xasten
0%
No matching quizzes found
Score Distribution
Percent of People with Each Score
Percentile by Number Answered
Your Score History
You have not taken this quiz